Вып. 92; В помощь радиолюбителю

Մատենագիտական մանրամասներ
Parent link:В помощь радиолюбителю: сборник. Вып. 92.— , 1956-1992
Այլ հեղինակներ: Успенский Б. Г. (составитель)
Լեզու:ռուսերեն
Հրապարակվել է: 1986
Խորագրեր:
Ձևաչափ: MixedMaterials Գիրք
KOHA link:https://koha.lib.tpu.ru/cgi-bin/koha/opac-detail.pl?biblionumber=277029

MARC

LEADER 00000nam2a2200000 4500
001 277029
005 20231101234958.0
035 |a (RuTPU)RU\TPU\book\300302 
035 |a RU\TPU\book\299896 
090 |a 277029 
100 |a 20141127d1986 m y0rusy50 ca 
101 0 |a rus 
102 |a RU 
105 |a a z 000zy 
200 0 |a Вып. 92  |f сост. Б. Г. Успенский 
210 |d 1986 
215 |a 77 с.  |c ил. 
461 1 |0 (RuTPU)RU\TPU\book\199930  |t В помощь радиолюбителю  |o сборник  |v Вып. 92  |d 1956-1992 
606 1 |a Радиолюбительство  |2 stltpush  |3 (RuTPU)RU\TPU\subj\22850  |9 47536 
610 1 |a звуковая техника 
610 1 |a связь 
610 1 |a электроника 
610 1 |a эхолоты 
610 1 |a фотоэкспозиметры 
610 1 |a низковольтные генераторы 
610 1 |a активные RC-фильтры 
610 1 |a зарядные устройства 
610 1 |a малогабаритные частотометры 
675 |a 621.396  |v 4 
702 1 |a Успенский  |b Б. Г.  |4 220 
801 1 |a RU  |b 63413507  |c 20140324 
801 2 |a RU  |b 63413507  |c 20171219  |g RCR 
942 |c BK